Statistics for Lana Del Rey - Born to Die Lyrics

Click here to take the quiz!

General Stats

  • This quiz has been taken 102 times
  • The average score is 345 of 399

Answer Stats

Answer% Correct
a
100%
I
100%
me
100%
the
100%
The
100%
to
100%
Don't
99%
don't
99%
Take
99%
take
99%
you
99%
You
99%
and
96%
in
95%
your
95%
is
93%
So
93%
so
93%
why
93%
born
92%
'Cause
92%
die
92%
it
92%
like
92%
make
92%
now
92%
cry
91%
fail
91%
finish
91%
Let
91%
line
91%
on
91%
sad
91%
we
91%
We
91%
were
91%
insane
89%
girls
88%
hard
88%
know
88%
Feet
87%
get
87%
love
87%
kiss
86%
not
86%
Sometimes
86%
tell
86%
that
86%
time
86%
enough
84%
gets
84%
mine?
84%
mine
84%
rain
84%
you're
84%
high
83%
laugh
83%
making
83%
night
83%
pouring
83%
road
83%
go
82%
my
82%
tough
82%
walk
82%
feel
80%
heart
80%
It's
79%
last
79%
let's
79%
side
79%
But
78%
but
78%
every
78%
Friday
78%
alone
76%
step
76%
this
75%
words
75%
breaks
74%
Can
74%
can
74%
Keep
74%
if
72%
long
72%
Oh
72%
told
72%
home
71%
I'm
71%
wild
71%
Choose
70%
gates
70%
honey
70%
Try
70%
as
67%
All
66%
am
66%
by
66%
carry
66%
Come
66%
fun
66%
have
66%
confused
64%
little
64%
or
64%
see
64%
was
64%
child
63%
hoping
63%
meantime
63%
mistake
63%
at
62%
city
62%
design?
62%
found
61%
streets
61%
Walking
61%
blind
59%
Lost
59%
they'll
59%
through
59%
could
58%
once
57%
what
57%
find
54%
answers
53%
scared
50%
couldn't
47%
Tried
34%
need
29%

Score Distribution

Percentile by Number Answered

Percent of People with Each Score

Your Score History

You have not taken this quiz